Statystyki dla Eurowizja junior 2023

Kliknij tutaj aby rozwiązać quiz!

Ogólne statystyki

  • Ten quiz został rozwiązany 57 razy
  • Średni wynik to 13 z 16

Statystyki odpowiedzi

MiejsceKraj% Poprawnych
2.Hiszpania
100%
1.Francja
97%
3.Armenia
92%
6.Polska
92%
5.Ukraina
89%
4.Wielka Brytania
89%
7.Holandia
81%
9.Niemcy
78%
8.Albania
76%
16.Irlandia
70%
15.Estonia
68%
11.Włochy
68%
14.Gruzja
65%
12.Macedonia Północna
62%
10.Malta
62%
13.Portugalia
62%

Rozkład punktacji

Percentyl według liczby udzielonych odpowiedzi

Procent ludzi z każdym wynikiem

Twoja historia wyników

Nie rozwiązałeś tego quizu